000 00631nam a2200217 u 4500
005 20240831063717.0
008 080625s2006 es r 000 0 spa d
020 _a8495895404
035 _aUPN01000157590
049 _aI
050 4 _aPZ78
_bR6.7
100 1 _aRomero, Sensi
_935801
245 1 0 _aCon los ojos del corazón /
_cSensi Romero ; il. David Romero.
260 _aValencia, Esp. :
_bBrief,
_c2006.
300 _a51 p. :
_bil. col.
440 0 _aHistorias con miga
650 4 _aCEGUERA -
_vLITERATURA INFANTIL
_912218
650 4 _aCuentos infantiles españoles
_97725
905 _aInfantil
999 _c129704
_d129704